Metallurgy and corrosion control in oil and gas production / (Record no. 15)

000 -LEADER
fixed length control field 00653nam a2200229 a 4500
001 - CONTROL NUMBER
control field 15
003 - CONTROL NUMBER IDENTIFIER
control field BD-DhUET
008 - FIXED-LENGTH DATA ELEMENTS--GENERAL INFORMATION
fixed length control field 100630s2011 njua b 001 0 eng
020 ## - INTERNATIONAL STANDARD BOOK NUMBER
International Standard Book Number 9780470248485
040 ## - CATALOGING SOURCE
Original cataloging agency DDC
Transcribing agency DDC
Modifying agency BD-DhUET
082 00 - DEWEY DECIMAL CLASSIFICATION NUMBER
Classification number 622.338
Item number HEI/2011
100 1# - MAIN ENTRY--PERSONAL NAME
Personal name Heidersbach, R.
245 10 - TITLE STATEMENT
Title Metallurgy and corrosion control in oil and gas production /
Statement of responsibility, etc. by Robert Heidersbach.
250 ## - EDITION STATEMENT
Edition statement Ist ed.
260 ## - PUBLICATION, DISTRIBUTION, ETC. (IMPRINT)
Place of publication, distribution, etc. New Jersey:
Name of publisher, distributor, etc. John Wiley & Sons,
Date of publication, distribution, etc. 2011.
300 ## - PHYSICAL DESCRIPTION
Extent xiv, 281 p. :
490 1# - SERIES STATEMENT
Series statement Wiley series in corrosion
504 ## - BIBLIOGRAPHY, ETC. NOTE
Bibliography, etc Includes bibliographies
650 #0 - SUBJECT ADDED ENTRY--TOPICAL TERM
Topical term or geographic name as entry element Oil fields-Production method
650 #0 - SUBJECT ADDED ENTRY--TOPICAL TERM
Topical term or geographic name as entry element Metallurgy
942 ## - ADDED ENTRY ELEMENTS (KOHA)
Koha item type General Book
Holdings
Koha date last seen Location (home branch) Sublocation or collection (holding branch) Copy number Piece designation (barcode) Withdrawn status Source of classification or shelving scheme Shelving location Koha full call number Price effective from Damaged status Date acquired Koha item type Koha normalized classification for sorting Not for loan Lost status
2014-07-13Central Library, BUETCentral Library, BUET1110404  Circulation section622.338/HEI/20112014-07-13 2014-07-13General Book622_000000000000000_338HEI2011  
2014-07-13Central Library, BUETCentral Library, BUET2110405  Circulation section622.338/HEI/20112014-07-13 2014-07-13General Book622_000000000000000_338HEI2011